Learning the use of symbolic means: dalits, ambedkar statues and the state in Uttar Pradesh (Record no. 72067)

000 -LEADER
fixed length control field 00480pab a2200157 454500
008 - FIXED-LENGTH DATA ELEMENTS--GENERAL INFORMATION
fixed length control field 180718b2006 xxu||||| |||| 00| 0 eng d
100 ## - MAIN ENTRY--PERSONAL NAME
Personal name Jaoul, Nicolas
245 ## - TITLE STATEMENT
Title Learning the use of symbolic means: dalits, ambedkar statues and the state in Uttar Pradesh
260 ## - PUBLICATION, DISTRIBUTION, ETC.
Date of publication, distribution, etc. 2006
300 ## - PHYSICAL DESCRIPTION
Extent p.175-207.
362 ## - DATES OF PUBLICATION AND/OR SEQUENTIAL DESIGNATION
Dates of publication and/or sequential designation May-Aug
650 ## - SUBJECT ADDED ENTRY--TOPICAL TERM
Topical term or geographic name entry element Backward classes - India - Uttar Pradesh
650 ## - SUBJECT ADDED ENTRY--TOPICAL TERM
Topical term or geographic name entry element Backward classes
773 ## - HOST ITEM ENTRY
Main entry heading Contributions to Indian Sociology
909 ## -
-- 72067
Holdings
Withdrawn status Lost status Damaged status Not for loan Permanent Location Current Location Date acquired Serial Enumeration / chronology Barcode Date last seen Price effective from Koha item type
        Indian Institute of Public Administration Indian Institute of Public Administration 2018-07-19 Volume no: 40, Issue no: 2 AR72527 2018-07-19 2018-07-19 Articles

Powered by Koha